| 000 | 00897nam a2200277 a 4500 | ||
|---|---|---|---|
| 008 | |||
| 020 | _a0935702512 (hbk.)_ | ||
| 049 | _aMAIN | ||
| 090 | _aQD411 PRI | ||
| 245 | 0 | 0 |
_aPrinciples and applications of organotransition metal chemistry / _cJames P. Collman ... [et al.]. |
| 260 |
_aMill Valley, Calif. : _bUniversity Science Books, _cc1987. |
||
| 300 |
_ax, 989 p. : _bill. ; _c25 cm. |
||
| 500 | _aIncludes index. | ||
| 504 | _aIncludes bibliographical references. | ||
| 650 | 0 | _aOrganotransition metal compounds. | |
| 650 | 7 |
_aQuimica Inorganica _2larpcal |
|
| 650 | _aOrganometallic compounds | ||
| 700 | 1 | _aCollman, James Paddock. | |
| 700 | _aNorton, Jack R. | ||
| 700 | _aHegesdus, Louis S. | ||
| 907 |
_a.b10004695 _b20-02-07 _c17-04-03 |
||
| 003 | |||
| 005 | 20230123134406.0 | ||
| 040 | _cNUST | ||
| 942 |
_cBOOKS _kQD411 PRI |
||
| 999 |
_c165125 _d165125 |
||